Súhlas úverujúcich bánk je nevyhnutný elektrárne na Vodnom diele Gabčíkovo vyrobili v minulom roku 2,43 TWh elektriny

Podrobná bibliografia
Hlavný autor: Vechter, Juraj (Autor)
Médium: Článok
Jazyk:slovenčina
ISSN:1335-4701
Predmet:

MARC

LEADER 00000nab a2200000 a 4500
001 vtls000784931
003 SK-MaSNL
005 20260426062702.0
008 140301c2002 xo 0 slo
015 |a SNBRB2002/02-07067 
035 |a CLN000136602 
040 |a SNKBUCL  |b slo  |c SNKBUCL  |e AACR2 
041 0 |a slo 
044 |a xo  |c SK 
080 |a 658.15:621.311(437.6)  |2 1997 
080 |a 621.311(437.6)  |2 1997 
100 1 |a Vechter, Juraj  |4 aut  |9 701576 
245 1 0 |a Súhlas úverujúcich bánk je nevyhnutný  |b elektrárne na Vodnom diele Gabčíkovo vyrobili v minulom roku 2,43 TWh elektriny  |c Juraj Vechter 
610 7 |a Slovenské elektrárne  |2 snkbucl  |9 30638 
651 7 |a Bratislava (Slovensko)  |2 snkbucl  |9 14568 
655 7 |a články z novín a časopisov  |2 snkbucl  |9 267496 
773 0 |t Hospodárske noviny  |g Roč. 10, č. 30 (12.2.2002), s. 1 a 3  |x 1335-4701 
850 |a Slovenská národná knižnica v Martine 
852 |a SNK  |b KIS3GCP 
958 |a SK 
992 |a RBX 
999 |c 2548413  |d 2550343